Tứ thơ Luận ngữ

Salvato in:
Dettagli Bibliografici
Autore principale: Tứ thơ
Natura: Libro
Lingua:Undetermined
Pubblicazione: Huế Thuận Hóa 1996
Soggetti:
Tags: Aggiungi Tag
Nessun Tag, puoi essere il primo ad aggiungerne! !
Thư viện lưu trữ: Trung tâm Học liệu Trường Đại học Cần Thơ
LEADER 00510nam a2200181Ia 4500
001 CTU_22006
008 210402s9999 xx 000 0 und d
082 |a 181.11 
082 |b T550L 
100 |a Tứ thơ 
245 0 |a Tứ thơ 
245 0 |b Luận ngữ 
245 0 |c Tứ thơ, Đoàn Trung Còn 
260 |a Huế 
260 |b Thuận Hóa 
260 |c 1996 
650 |a confucius and confucianism,philosophy, chinese 
980 |a Trung tâm Học liệu Trường Đại học Cần Thơ